000 00945nam0a22002411 4500
001 rc\1028010
005 20041129102846.3
035 _a(NLR Aleph) 006192029
090 _a6176475
_c6176475
100 _a20041129d1981 u |0rusy50 ca
101 0 _arus
102 _aRU
105 _ay |||||||||
200 1 _aСтановление и развитие духовной культуры развитого социализма
_eСб. науч. тр.
_fТашк. гос. пед. ин-т им. Низами
_g[Редкол.: Агаронян А.С. (отв. ред.) и др.]
210 _aТашкент
_cБ. и.
_d1981
215 _a221 с.
_d20
702 1 _aАгаронян
_bА. С.
_gАлександр Семенович
_4340
712 0 2 _aТашкентский пед. ин-т им. Низами
_3RU\NLR\AUTH\889932097
801 0 _aRU
_bNLR
_gpsbo
801 1 _aRU
_bELAR
_2rusmarc
852 _aNLR
_j82-3/1261
942 _cBOOK
980 _aNB